[Event "WchT U26"]
[Site "Mexico"]
[Date "1980.??.??"]
[Round "?"]
[White "Jussupow, Artur"]
[Black "Rodriguez, A."]
[Result "1/2-1/2"]
[WhiteElo "2485"]
[BlackElo "2420"]

1.d4 Nf6 2.Nf3 g6 3.c4 Bg7 4.Nc3 O-O 5.e4 d6 6.Be3 e5 7.dxe5 dxe5 8.Qxd8 Rxd8
9.Nd5 Na6 10.O-O-O Bg4 11.Nxf6+ Bxf6 12.c5 Rxd1+ 13.Kxd1 Rd8+ 14.Kc1 Nb4
15.Bc4 Nd3+ 16.Kc2 Nf4 17.h3 Bxf3 18.gxf3 c6 19.b4 a6 20.a4 Kg7 21.Kb3 Be7
22.Kc2 h5 23.Bxf4 exf4 24.Rd1 Rxd1 25.Kxd1 Bf6 26.b5 axb5 27.axb5 Kf8 28.bxc6 bxc6
29.Bb3 Ke7 30.Ba4 Kd7 31.Bb3 h4 32.Bxf7 g5 33.Ke2 Bd4 34.Kd3 Bxc5 35.Bh5 Kd6
36.Kc4 Bxf2 37.Bg4  1/2-1/2

[Event "WchT U26"]
[Site "Mexico"]
[Date "1980.??.??"]
[Round "?"]
[White "Motwani, Paul"]
[Black "Jussupow, Artur"]
[Result "1/2-1/2"]
[WhiteElo "2200"]
[BlackElo "2485"]

1.e4 c5 2.Nf3 Nc6 3.d4 cxd4 4.Nxd4 Nf6 5.Nc3 e5 6.Ndb5 d6 7.Bg5 a6 8.Na3 b5
9.Bxf6 gxf6 10.Nd5 f5 11.Bd3 Be6 12.Qh5 Bg7 13.O-O f4 14.c4 bxc4 15.Bxc4 O-O
16.Rac1 Rb8 17.Bxa6 Ne7 18.Nxe7+ Qxe7 19.Rc2 Bxa2 20.Bc4 Bxc4 21.Nxc4 f5
22.Rd1 Rbd8  1/2-1/2

[Event "Rostov"]
[Site "Rostov"]
[Date "1980.??.??"]
[Round "?"]
[White "Vaganian, Rafael A"]
[Black "Jussupow, Artur"]
[Result "1/2-1/2"]
[WhiteElo "2590"]
[BlackElo "2485"]

1.c4 e5 2.Nc3 Nc6 3.Nf3 Nf6 4.g3 Nd4 5.Bg2 Nxf3+ 6.Bxf3 Bb4 7.Qc2 O-O 8.O-O Re8
9.Rd1 c6 10.d4 Bxc3 11.bxc3 e4 12.Bg2 d6 13.Bg5 Bf5 14.c5 h6 15.Bf4 d5 16.Rab1 Qc8
17.e3 Bh3 18.Rb3 Bxg2 19.Kxg2 Nd7 20.c4 dxc4 21.Qxc4 b5 22.cxb6 Nxb6 23.Qe2 Re6
24.Qg4 g5 25.Be5 f6 26.Bc7 Nd5 27.Ba5 Re7 28.Qxc8+ Rxc8 29.g4 f5 30.gxf5 Rf7
31.Rc1 Rxf5 32.Rc5 h5 33.Rb7 Rf7 34.Rb2 Rf6 35.Be1 g4 36.Rbc2 Rd6 37.Ra5 Rc7
38.Ra6 h4 39.Rb2 Rf6 40.Rb8+ Rf8 41.Rxf8+ Kxf8 42.a3 Kf7 43.Bb4 Ke6 44.Ba5 Rc8
45.Rxa7 c5 46.Ra6+ Kf5 47.Rd6 h3+ 48.Kg3 Nf6 49.Bd8 Rxd8 50.Rxd8 Kg5 51.f4+ exf3
52.Kf2 c4 53.d5 Ne4+ 54.Ke1 g3 55.hxg3 h2 56.Rh8 f2+ 57.Kf1 Nxg3+ 58.Kxf2 h1=Q
59.Rxh1 Nxh1+ 60.Ke1 Ng3 61.a4 Ne4 62.a5 Nc5 63.a6  1/2-1/2

[Event "URS-ch49"]
[Site "Frunze"]
[Date "1981.??.??"]
[Round "?"]
[White "Jussupow, Artur"]
[Black "Dorfman, Josif D"]
[Result "1/2-1/2"]
[WhiteElo "2585"]
[BlackElo "2505"]

1.d4 Nf6 2.c4 g6 3.Nc3 Bg7 4.e4 d6 5.f3 O-O 6.Bg5 c5 7.d5 a6 8.Qd2 b5 9.cxb5 Qb6
10.a4 axb5 11.Bxb5 Na6 12.Nge2 Nc7 13.Bc6 Bb7 14.a5 Qa6 15.Bxb7 Qxb7 16.Na4 h6
17.Bxf6 Bxf6 18.Nb6 Qxb6 19.axb6 Rxa1+ 20.Nc1 Nb5 21.O-O Bd4+ 22.Kh1 Rb8
23.Qe2 Rxb6 24.Nd3 Bxb2 25.Rxa1 Bxa1 26.Qa2 Nc3 27.Qa8+ Kg7 28.h4 c4 29.Nf4 Rb4
30.Qa7 Rb1+ 31.Kh2 Nb5 32.Qa2 Rc1 33.Ne2 Nc3 34.Qxc4 Nxe2 35.Qxe2 Bf6 36.f4 Bd4
37.g3 h5 38.Qd3 Bf6 39.Kh3 Rc3 40.Qe2 Bd4 41.Qd2 Rc4 42.e5 Bc3 43.Qa2 Rc7
44.exd6 exd6 45.Qa6 Bb4 46.f5 gxf5 47.Qe2 Rc5 48.Qxh5 Rxd5 49.Qg5+ Kh7 50.Qf6 Kg8
51.h5 Bd2 52.Kg2 Be3 53.Kf3 Re5 54.Qd8+ Kg7 55.Qxd6 Re6 56.Qd5 Bg5 57.Kg2 Bh6
58.Qxf5 Be3 59.Kh3 Bh6 60.Kg4 Be3 61.Qd5 Bh6 62.Qd4+ Kh7 63.Qb4 Kg7 64.Kf3 Re3+
65.Kg4 Re6 66.Qd4+ Kh7 67.Kf3 Kg8 68.g4 Kh7 69.Qd5 Re3+ 70.Kf2 Re6 71.Kg3 Kg7
72.g5 Bxg5 73.Qxg5+ Kh7 74.Kf4 Rh6 75.Qf5+ Kg7 76.Kg5 Re6 77.Qc5 Rh6  1/2-1/2

[Event "Lone Pine op"]
[Site "Lone Pine"]
[Date "1981.??.??"]
[Round "?"]
[White "Kogan, Boris"]
[Black "Jussupow, Artur"]
[Result "1/2-1/2"]
[WhiteElo "2430"]
[BlackElo "2575"]

1.d4 Nf6 2.Nf3 e6 3.Bg5 c5 4.e3 Qb6 5.Qc1 Ne4 6.c3 Nxg5 7.Nxg5 Be7 8.Nf3 d5
9.Bd3 Nc6 10.O-O Bd7 11.Nbd2 Rc8 12.Qb1 g6 13.h4 O-O 14.dxc5 Bxc5 15.e4 Qc7
16.Nb3 Bb6 17.exd5 exd5 18.Qc1 Ne5 19.Nxe5 Qxe5 20.Qg5 Qxg5 21.hxg5 Rce8
22.Rfe1 f6 23.gxf6 Rxf6 24.Rxe8+ Bxe8 25.Rf1 g5 26.Nd4 Bxd4  1/2-1/2

[Event "Moscow-4teams"]
[Site "Moscow"]
[Date "1981.??.??"]
[Round "?"]
[White "Jussupow, Artur"]
[Black "Bronstein, David I"]
[Result "1/2-1/2"]
[WhiteElo "2575"]
[BlackElo "2490"]

1.d4 Nf6 2.c4 d6 3.Nc3 e5 4.dxe5 dxe5 5.Qxd8+ Kxd8 6.Nf3 Nbd7 7.Rg1 h5 8.Ng5 Ke8
9.Nb5 Bd6 10.b3 Ke7 11.Nxd6 cxd6 12.Ba3 Nc5 13.g3 Bf5 14.Bg2 Nfd7 15.O-O-O Rac8
16.Kb2 h4 17.Bd5 Bg6 18.Nf3 hxg3 19.hxg3  1/2-1/2

[Event "Moscow-4teams"]
[Site "Moscow"]
[Date "1981.??.??"]
[Round "?"]
[White "Bronstein, David I"]
[Black "Jussupow, Artur"]
[Result "1-0"]
[WhiteElo "2490"]
[BlackElo "2575"]

1.e4 e5 2.f4 Nf6 3.Nf3 Nxe4 4.d3 Nc5 5.fxe5 d5 6.d4 Ne6 7.c4 Bb4+ 8.Bd2 Bxd2+
9.Qxd2 c6 10.Nc3 O-O 11.Rc1 Nc7 12.cxd5 cxd5 13.Bd3 Bg4 14.Ng5 f5 15.h3 Bh5
16.O-O Bg6 17.Nb5 Nba6 18.Nd6 h6 19.Nf3 Ne6 20.Kh1 Rb8 21.Ng1 Qg5 22.Qf2 Nb4
23.Bb5 f4 24.Nf3 Qe7 25.Qd2 Na6 26.Bd3 Bh5 27.Bc2 Nac7 28.Qd3 g6 29.Bb3 Kh8
30.Ba4 Rg8 31.Qd2 Rg7 32.Qf2 Rf8 33.Rc3 g5 34.Rfc1 Bg6 35.Bc2 Ne8 36.Bxg6 Rxg6
37.Qc2 Rgg8 38.Nc8 Qf7 39.Qb3 N6g7 40.Nd6 Nxd6 41.exd6  1-0

[Event "Moscow-ch"]
[Site "Moscow"]
[Date "1981.??.??"]
[Round "7"]
[White "Jussupow, Artur"]
[Black "Vaganian, Rafael A"]
[Result "1/2-1/2"]
[WhiteElo "2575"]
[BlackElo "2565"]

1.d4 Nf6 2.Nf3 d6 3.g3 Nbd7 4.Bg2 e5 5.O-O e4 6.Nh4 d5 7.c4 c6 8.Nc3 Bb4
9.f3 exf3 10.Bxf3 Qa5 11.e4 Bxc3 12.exd5 Bb4 13.Qe2+ Kd8 14.c5 Re8 15.Qg2 cxd5
16.a3 Be1 17.Bf4 h6 18.b4 Qa6 19.Raxe1 g5 20.Rxe8+ Nxe8 21.Bxd5 gxf4 22.Bxf7 Qxa3
23.Re1 Nef6 24.Qd2 fxg3 25.Qe2 gxh2+ 26.Kh1 Qg3 27.Nf5 Qf4 28.Ng7 Qe4+ 29.Qxe4 Nxe4
30.Rxe4 Nf6 31.Re1 Bd7 32.d5 a5 33.Ne6+ Kc8 34.bxa5 Nxd5 35.Nd4 Nb4 36.Rc1 Kc7
37.Kxh2 Rf8 38.Bc4 Rf4 39.Rd1 Re4 40.Bb5 Nc2 41.Bxd7 Rxd4  1/2-1/2

[Event "Moscow-ch"]
[Site "Moscow"]
[Date "1981.??.??"]
[Round "10"]
[White "Arbakov, Valentin"]
[Black "Jussupow, Artur"]
[Result "0-1"]
[WhiteElo "2445"]
[BlackElo "2575"]

1.e4 e5 2.Bc4 Nf6 3.d3 c6 4.Qe2 Be7 5.Nf3 O-O 6.Nbd2 d5 7.Bb3 Nbd7 8.O-O Bd6
9.c3 Re8 10.Re1 Nc5 11.Bc2 b6 12.b4 Ne6 13.a3 a5 14.Bb2 Ba6 15.g3 Qc7 16.Nh4 g6
17.Qf3 Ng5 18.Qe3 Nh3+ 19.Kg2 Ng4 20.Qe2 Ngxf2 21.Rf1 dxe4 22.Rxf2 exd3 23.Bxd3 Bxd3
24.Qxd3 Nxf2 25.Kxf2 Rad8 26.Qe2 f5 27.Nc4 Bf8 28.Bc1 axb4 29.cxb4 b5 30.Na5 Bg7
31.Bg5 Rd6 32.Kg1 Qf7 33.Be3 Red8 34.Rc1 f4 35.Bf2 Qd7 36.Re1 Rd1 37.Nf3 Rxe1+
38.Bxe1 Qd5 39.Nb7 Ra8 40.gxf4 exf4 41.Nc5 g5 42.h3 h6 43.Bf2 Kf7 44.Ne4 Rxa3
45.Nfxg5+ hxg5 46.Qh5+ Ke7 47.Qh7 Qe5 48.Qg6 Kf8 49.Nxg5 Ra1+ 50.Kg2 Qd5+
51.Nf3 Ra2 52.Qg4 Qe4 53.Qc8+ Kf7 54.Qd7+ Kg8 55.Kg1 Qg6+ 56.Kf1 Rxf2+  0-1

[Event "Moscow-ch"]
[Site "Moscow"]
[Date "1981.??.??"]
[Round "14"]
[White "Bronstein, David I"]
[Black "Jussupow, Artur"]
[Result "1/2-1/2"]
[WhiteElo "2490"]
[BlackElo "2575"]

1.e4 e5 2.Nf3 Nf6 3.Nc3 Nc6 4.d4 exd4 5.Nxd4 Bb4 6.Nxc6 bxc6 7.Bd3 d5 8.exd5 cxd5
9.O-O O-O 10.Bg5 c6 11.Qf3 Be6 12.Ne2 Bg4 13.Bxf6 Bxf3 14.Bxd8 Bxe2 15.Bxe2 Rfxd8
16.Rad1  1/2-1/2

[Event "Moscow-ch"]
[Site "Moscow"]
[Date "1981.??.??"]
[Round "16"]
[White "Vasiukov, Evgeni"]
[Black "Jussupow, Artur"]
[Result "1/2-1/2"]
[WhiteElo "2545"]
[BlackElo "2575"]

1.c4 e5 2.Nc3 Nc6 3.g3 g6 4.Bg2 Bg7 5.d3 d6 6.Rb1 a5 7.a3 Nf6 8.b4 axb4 9.axb4 O-O
10.b5 Nd4 11.e3 Ne6 12.Nge2 Ng5 13.O-O Bh3 14.f4 Bxg2 15.Kxg2 Ne6 16.e4 c6
17.f5 Nc5 18.Be3 Ng4 19.Bg1 Bh6 20.Rf3 Ra3 21.h3 Nf6 22.Bf2 Bg5 23.h4 Bh6
24.Kh3 Ncxe4 25.dxe4 Nxe4 26.bxc6 bxc6 27.Bb6 Qa8 28.Rd3 gxf5 29.Nxe4 fxe4
30.Rxa3 Qxa3 31.Rb3 Qa4 32.c5 d5 33.Bc7 Bg7 34.Bd6 Re8 35.g4 h6 36.Ng3 e3
37.Qb1 Qf4  1/2-1/2

[Event "Luzern ol (Men)"]
[Site "Luzern"]
[Date "1982.??.??"]
[Round "12"]
[White "Jussupow, Artur"]
[Black "Ghinda, Mihail Viorel"]
[Result "1/2-1/2"]
[WhiteElo "2555"]
[BlackElo "2400"]

1.d4 Nf6 2.c4 g6 3.Nc3 d5 4.Nf3 Bg7 5.cxd5 Nxd5 6.e4 Nxc3 7.bxc3 c5 8.Rb1 O-O
9.Be2 Nc6 10.d5 Ne5 11.Nxe5 Bxe5 12.Rb3 e6 13.f4 Bg7 14.d6 b6 15.O-O Bb7
16.Bf3 Ba6 17.Rf2 e5 18.f5 Qd7 19.Bg5 f6 20.Be3 Rfd8 21.Rd2 Bc4 22.Rb1 Bf8
23.Bg4 g5 24.h4 gxh4 25.Be2 Bxe2 26.Qxe2 Qf7 27.d7 Rxd7 28.Rxd7 Qxd7 29.Rd1 Qg7
30.Qh5 Qg3 31.Bf2 Qg5 32.Qf3  1/2-1/2

[Event "Minsk"]
[Site "Minsk"]
[Date "1982.??.??"]
[Round "?"]
[White "Groszpeter, Attila"]
[Black "Jussupow, Artur"]
[Result "1/2-1/2"]
[WhiteElo "2475"]
[BlackElo "2555"]

1.e4 c5 2.Nc3 Nc6 3.g3 g6 4.Bg2 Bg7 5.d3 e6 6.Be3 d6 7.Qd2 Bd7 8.Nge2 Nd4
9.Nd1 Ne7 10.O-O O-O 11.Nc1 b5 12.c3 Ndc6 13.Bh6 e5 14.Bxg7 Kxg7 15.Ne2 Qb6
16.Ne3 f6 17.Rad1 Be6 18.Nd5 Bxd5 19.exd5 Nd8 20.d4 Nf7 21.dxe5 dxe5 22.d6 Nc6
23.Qd5 Rac8 24.f4 Rfd8 25.Qe6 e4 26.g4 Nb8 27.f5 Re8 28.Qd5 Re5 29.Qd2 Rd8
30.fxg6 hxg6 31.Qf4 Rxd6 32.Rxd6 Qxd6 33.Ng3 Ng5 34.h4 Nf3+ 35.Bxf3 exf3
36.h5 Rd5 37.Qxd6 Rxd6 38.Rxf3 Nd7 39.hxg6 Kxg6 40.Ne4 Re6  1/2-1/2

[Event "Minsk"]
[Site "Minsk"]
[Date "1982.??.??"]
[Round "?"]
[White "Jussupow, Artur"]
[Black "Mochalov, Evgeny V"]
[Result "1/2-1/2"]
[WhiteElo "2555"]
[BlackElo "2435"]

1.c4 c5 2.Nf3 g6 3.d4 Bg7 4.d5 Nf6 5.Nc3 O-O 6.Bg5 h6 7.Bh4 d6 8.e3 a6 9.a4 e5
10.Nd2 Qc7 11.Bd3 Nh7 12.e4 f5 13.exf5 gxf5 14.O-O Nd7 15.f3 e4 16.fxe4 Ne5
17.Nf3 f4 18.Qd2 Bg4 19.Nxe5 Bxe5 20.h3 Qg7 21.Kh1 Kh8 22.hxg4 Qxg4 23.Qf2 Bd4
24.Be2 Bxf2 25.Bxg4 Bxh4 26.Bf5 Nf6 27.Rxf4 Bg3 28.Rf3 Be5 29.Ra3 Rae8 30.Rb3 Re7
31.Ne2 Rg8 32.Nf4 Reg7 33.Be6 Re8 34.Rbe3 Ng4 35.Re2 Bxf4 36.Rxf4 Ne5 37.Rf6 Rg3
38.Bf5 Nxc4 39.Rxh6+ Kg7 40.Rh7+ Kf6 41.Rxb7 Ne3 42.Rf2 Ke5 43.Ra7 Rh8+ 44.Bh7  1/2-1/2

[Event "Minsk"]
[Site "Minsk"]
[Date "1982.??.??"]
[Round "?"]
[White "Chandler, Murray G"]
[Black "Jussupow, Artur"]
[Result "1/2-1/2"]
[WhiteElo "2470"]
[BlackElo "2555"]

1.e4 e5 2.Nf3 Nc6 3.Bb5 a6 4.Ba4 Nf6 5.O-O Nxe4 6.d4 b5 7.Bb3 d5 8.dxe5 Be6
9.Nbd2 Nc5 10.c3 d4 11.Bxe6 Nxe6 12.cxd4 Ncxd4 13.Ne4 Be7 14.Be3 Nf5 15.Qc2 O-O
16.Rad1 Nxe3 17.fxe3 Qc8 18.Nd4 Nxd4 19.exd4 Qe6 20.Rd3 f6 21.Qxc7 fxe5 22.Qxe5 Rxf1+
23.Kxf1 Rf8+ 24.Rf3 Qc4+ 25.Kf2 Bh4+ 26.Ke3 Qc1+ 27.Kd3 Qb1+ 28.Ke3 Qg1+
29.Kd3  1/2-1/2

[Event "Yerevan zt"]
[Site "Yerevan"]
[Date "1982.??.??"]
[Round "2"]
[White "Zaitsev, Igor A"]
[Black "Jussupow, Artur"]
[Result "1/2-1/2"]
[WhiteElo "2465"]
[BlackElo "2555"]

1.e4 e5 2.Nf3 Nf6 3.d4 Nxe4 4.Bd3 d5 5.Nxe5 Bd6 6.Qf3 Qe7 7.O-O O-O 8.Nc3 Nxc3
9.bxc3 Bxe5 10.dxe5 Qxe5 11.Bf4 Qf6 12.Qg3 Nc6 13.Bg5 Qd6 14.Bf4 Qf6  1/2-1/2

[Event "Yerevan zt"]
[Site "Yerevan"]
[Date "1982.??.??"]
[Round "6"]
[White "Jussupow, Artur"]
[Black "Geller, Efim P"]
[Result "1/2-1/2"]
[WhiteElo "2555"]
[BlackElo "2545"]

1.d4 Nf6 2.c4 d6 3.Nc3 Nbd7 4.Nf3 g6 5.e4 e5 6.Be2 Bg7 7.d5 Nc5 8.Qc2 a5
9.O-O O-O 10.Bg5 h6 11.Be3 b6 12.Nd2 Ng4 13.Bxg4 Bxg4 14.a3 a4 15.Bxc5 bxc5
16.Nxa4 h5 17.Nc3 Bh6 18.Nb3 h4 19.h3 Bd7 20.Nc1 Qg5  1/2-1/2

[Event "Yerevan zt"]
[Site "Yerevan"]
[Date "1982.??.??"]
[Round "11"]
[White "Vaganian, Rafael A"]
[Black "Jussupow, Artur"]
[Result "1/2-1/2"]
[WhiteElo "2550"]
[BlackElo "2555"]

1.d4 d5 2.c4 c6 3.Nf3 Nf6 4.Nc3 e6 5.Bg5 Nbd7 6.e3 Qa5 7.Nd2 Bb4 8.Qc2 O-O
9.Be2 e5 10.dxe5 Ne4 11.Ndxe4 dxe4 12.O-O Bxc3 13.bxc3 Re8 14.Rfd1 Nxe5 15.Qxe4 Be6
16.Bh4 Qxc3 17.Rac1 Qa5 18.Qb1 b6 19.h3 f6 20.f4 Ng6 21.Bf2 Rad8 22.Bd3 Bf7
23.Qc2 Rd6 24.Be4 Qc5 25.Rxd6 Qxd6 26.Bf3 Qc5 27.Qc3 Rd8 28.a3 Nf8 29.Qb4 Ne6
30.Be4 Qd6 31.Bc2 Nc5 32.Qb1 h6 33.Rd1 Qe7 34.Rd4 Ne6 35.Rxd8+ Qxd8 36.Qb4 Nc5
37.Qc3 Qd7 38.e4 Qe6 39.Bxc5 bxc5 40.Bd3 g5 41.fxg5  1/2-1/2

[Event "Yerevan zt"]
[Site "Yerevan"]
[Date "1982.??.??"]
[Round "14"]
[White "Jussupow, Artur"]
[Black "Giorgadze, Tamaz"]
[Result "1/2-1/2"]
[WhiteElo "2555"]
[BlackElo "2500"]

1.d4 d5 2.c4 e6 3.Nc3 Nf6 4.Bg5 Be7 5.e3 h6 6.Bxf6 Bxf6 7.Nf3 O-O 8.Rc1 c6
9.Bd3 Nd7 10.O-O dxc4 11.Bxc4 e5 12.Ne4 exd4 13.Nxf6+ Nxf6 14.Qxd4 Qxd4  1/2-1/2

[Event "Indonesia"]
[Site "Indonesia"]
[Date "1983.??.??"]
[Round "20"]
[White "Ardiansyah, Haji"]
[Black "Jussupow, Artur"]
[Result "1/2-1/2"]
[WhiteElo "2450"]
[BlackElo "2555"]

1.d4 d5 2.Nf3 Nf6 3.g3 c6 4.Bg2 Bf5 5.O-O e6 6.c4 Nbd7 7.Nc3 h6 8.cxd5 exd5
9.h3 Bd6 10.Nd2 O-O 11.e4 dxe4 12.Ndxe4 Nxe4 13.Nxe4 Bxe4 14.Bxe4 Nf6 15.Bg2 Bc7
16.b4 a6 17.a4 Qd7 18.Bb2 Nd5 19.Qb3 Rad8 20.Rfe1 Rfe8 21.b5 Rxe1+ 22.Rxe1 cxb5
23.axb5 Qxb5 24.Qxb5 axb5 25.Bxd5 Rxd5 26.Re8+ Kh7 27.Re7 Bb6 28.Rxb7  1/2-1/2

[Event "EU-chT Plovdiv"]
[Site "Plovdiv"]
[Date "1983.??.??"]
[Round "5"]
[White "Ivanovic, Bozidar"]
[Black "Jussupow, Artur"]
[Result "1/2-1/2"]
[WhiteElo "2480"]
[BlackElo "2565"]

1.e4 e6 2.d4 d5 3.Nd2 c5 4.exd5 exd5 5.Bb5+ Bd7 6.Qe2+ Be7 7.dxc5 Nf6 8.Nb3 O-O
9.Bg5 Re8 10.O-O-O a6 11.Bxd7 Nbxd7 12.Nh3 Bxc5 13.Qf3 Qb6 14.Rhe1 Rxe1 15.Rxe1 h6
16.Bxf6 Nxf6 17.Re2 Bd6 18.Nf4 a5 19.Nd2 Qd4 20.Nd3 a4 21.a3 b5 22.c3 Qb6
23.Kb1 Rd8 24.h3 d4 25.c4 b4 26.axb4 Bxb4 27.Nxb4 Qxb4 28.Qa3 Qa5 29.Kc1 Qf5
30.Qf3 Qc5 31.Qa3 Qf5 32.Qf3 Qc5 33.Qa3 Qc6 34.Qf3  1/2-1/2

[Event "EU-chT Plovdiv"]
[Site "Plovdiv"]
[Date "1983.??.??"]
[Round "7"]
[White "Jussupow, Artur"]
[Black "Farago, Ivan"]
[Result "1/2-1/2"]
[WhiteElo "2565"]
[BlackElo "2505"]

1.d4 Nf6 2.Nf3 e6 3.e3 c5 4.Bd3 b6 5.O-O Bb7 6.Nbd2 Nc6 7.a3 Be7 8.b3 O-O
9.Bb2 Rc8 10.Qe2 Re8 11.Rad1 Bf8 12.dxc5 bxc5 13.Ng5 e5 14.c4 Nd4 15.Qe1  1/2-1/2

[Event "URS Cup"]
[Site "URS"]
[Date "1984.??.??"]
[Round "?"]
[White "Razuvaev, Yuri S"]
[Black "Jussupow, Artur"]
[Result "1/2-1/2"]
[WhiteElo "2500"]
[BlackElo "2570"]

1.d4 Nf6 2.c4 e6 3.Nf3 b6 4.g3 Bb4+ 5.Bd2 a5 6.Bg2 O-O 7.O-O Ba6 8.b3 d5
9.Ne5 c6 10.a3 Be7 11.Bc3 Nfd7 12.Nxd7 Nxd7 13.Nd2 Rc8 14.Re1 c5 15.cxd5 exd5
16.dxc5 Nxc5 17.Bb2 d4 18.b4 Ne6 19.Nf3 axb4 20.axb4 Bc4 21.Qd2 Qd6 22.Nxd4 Nxd4
23.Qxd4 Qxd4 24.Bxd4 Bxb4 25.Reb1 Bc5 26.Bxc5 bxc5 27.Rb2  1/2-1/2

[Event "WchT U26"]
[Site "Mendoza"]
[Date "1985.??.??"]
[Round "10"]
[White "Jussupow, Artur"]
[Black "Lobron, Eric"]
[Result "1/2-1/2"]
[WhiteElo "2590"]
[BlackElo "2505"]

1.Nf3 d5 2.d4 Nf6 3.c4 e6 4.Nc3 Be7 5.Bg5 h6 6.Bh4 O-O 7.e3 b6 8.Be2 Bb7
9.O-O Nbd7 10.Bg3 a6 11.cxd5 exd5 12.Ne5 Re8 13.Qb3 Bd6 14.f4 c5 15.a4 Nf8
16.Bf3 cxd4 17.exd4 Ne6 18.Rad1 Bf8 19.Kh1 Rc8 20.Bh4 Nxf4 21.Bg4 Ne6 22.Bh5 Nxd4
23.Bxf7+ Kh7 24.Rxd4 Rxe5 25.Nxd5 Bxd5 26.Bxd5 Kh8 27.h3 Be7 28.Bxf6 Bxf6
29.Rdd1 Qc7 30.Qf3  1/2-1/2

[Event "WchT U26"]
[Site "Mendoza"]
[Date "1985.??.??"]
[Round "11"]
[White "Yrjola, Jouni"]
[Black "Jussupow, Artur"]
[Result "0-1"]
[WhiteElo "2500"]
[BlackElo "2590"]

1.d4 e6 2.c4 f5 3.g3 Nf6 4.Bg2 d5 5.Nf3 c6 6.O-O Bd6 7.b3 Qe7 8.Bf4 Bxf4
9.gxf4 O-O 10.Ne5 Nbd7 11.e3 Kh8 12.Nd2 Nxe5 13.fxe5 Ne4 14.f4 Bd7 15.Nxe4 dxe4
16.Qd2 Be8 17.b4 Rd8 18.Rab1 g5 19.b5 gxf4 20.Rxf4 cxb5 21.cxb5 Rg8 22.b6 Bh5
23.Rf2 axb6 24.Rxb6 Bf3 25.Kf1 Qc7 26.Rb4 Qc6 27.Rb2 f4 28.Kg1 Bxg2 29.Rxg2 f3
30.Rg3 Rxg3+ 31.hxg3 Rg8 32.Rc2 Qb5 33.Kf2 Qd7 34.Qc1 Qg7 35.Qg1 Qh6 36.Rc7 Ra8
37.Rc2 Ra3  0-1

[Event "Reykjavik"]
[Site "Reykjavik"]
[Date "1985.??.??"]
[Round "8"]
[White "Larsen, Bent"]
[Black "Jussupow, Artur"]
[Result "1-0"]
[WhiteElo "2520"]
[BlackElo "2590"]

1.c4 Nf6 2.Nc3 c5 3.g3 e6 4.Nf3 d5 5.cxd5 Nxd5 6.Bg2 Nc6 7.O-O Be7 8.Nxd5 exd5
9.d4 O-O 10.dxc5 Bxc5 11.Bg5 f6 12.Bd2 Be6 13.e3 d4 14.exd4 Nxd4 15.Be3 Nxf3+
16.Qxf3 Qb6 17.Rfe1 Bxe3 18.Qxe3 Qxe3 19.Rxe3 Kf7 20.b3 Rae8 21.Rae1 Bd7
22.Bd5+ Kg6 23.Bxb7 Rxe3 24.Rxe3 Rb8 25.Ba6 Rb6 26.Bc4 a5 27.a4 Rd6 28.Kf1 Rd2
29.Ke1 Rd4 30.Rd3 Rxd3 31.Bxd3+ Kf7 32.Kd2 h6 33.Kc3 Ke6 34.b4 Bxa4 35.bxa5 Kd6
36.Kd4 Bc6 37.a6  1-0

[Event "Reykjavik"]
[Site "Reykjavik"]
[Date "1985.??.??"]
[Round "10"]
[White "Olafsson, Helgi"]
[Black "Jussupow, Artur"]
[Result "1/2-1/2"]
[WhiteElo "2515"]
[BlackElo "2590"]

1.Nf3 d5 2.d4 c6 3.c4 Nf6 4.cxd5 cxd5 5.Nc3 Nc6 6.Bf4 Bf5 7.e3 e6 8.Ne5 Bd6
9.Bb5 Rc8 10.O-O Bxe5 11.Bxe5 O-O 12.Bg3 Nd7 13.Rc1 a6 14.Be2 Nb6 15.b3 Qe7
16.Qd2 Qa3 17.Rfd1 Na7 18.f3 Rc6 19.e4 Bg6 20.Nb1 Qe7 21.Rxc6 Nxc6 22.Nc3 Rd8
23.Bf2 h6 24.h3 Qb4 25.e5 Rc8 26.Be1 Qa3 27.Nb1 Qf8 28.Nc3 Qa3  1/2-1/2

[Event "Dubai ol (Men)"]
[Site "Dubai"]
[Date "1986.??.??"]
[Round "9"]
[White "Renet, Olivier"]
[Black "Jussupow, Artur"]
[Result "0-1"]
[WhiteElo "2480"]
[BlackElo "2660"]

1.d4 f5 2.g3 Nf6 3.Bg2 e6 4.Nf3 d5 5.O-O Bd6 6.c4 c6 7.b3 Qe7 8.Bb2 O-O 9.Nbd2 b6
10.Ne5 Bb7 11.e3 a5 12.a3 Nbd7 13.a4 Rac8 14.Qe2 Ba6 15.Rfc1 Rfd8 16.Qe1 Bxe5
17.dxe5 Ne4 18.Nxe4 dxe4 19.Ba3 c5 20.Bb2 Nf8 21.Rd1 Bb7 22.Qc3 Ng6 23.Rd6 Bc6
24.Rad1 Nh8 25.Kf1 Nf7 26.Rxd8+ Rxd8 27.Rxd8+ Qxd8 28.Ke1 g5 29.Qd2 Qxd2+
30.Kxd2 Nh6 31.h3 Be8 32.Ke1 Bh5 33.Bc3 Kg7 34.Bb2 Ng8 35.Kd2 Ne7 36.Bc3 Bf3
37.Bf1 Kg6 38.Bb2 h5 39.Bc3 Nc6 40.Bb2 Ne7 41.Bc3 f4 42.exf4 gxf4 43.gxf4 Kf5
44.Be2 Bxe2 45.Kxe2 Ng6 46.Ke3 Nxf4 47.f3 exf3 48.Kxf3 Nxh3 49.Kg3 Nf4  0-1

[Event "Dubai ol (Men)"]
[Site "Dubai"]
[Date "1986.??.??"]
[Round "14"]
[White "Hawelko, Marek"]
[Black "Jussupow, Artur"]
[Result "0-1"]
[WhiteElo "2450"]
[BlackElo "2660"]

1.e4 e5 2.Nf3 Nc6 3.Bc4 Bc5 4.c3 Nf6 5.d3 d6 6.O-O O-O 7.Re1 a6 8.Bb3 Ba7
9.h3 h6 10.Nbd2 Nh5 11.Nf1 Qf6 12.Be3 Be6 13.Bxe6 fxe6 14.Bxa7 Rxa7 15.Ne3 Raa8
16.a4 Nf4 17.Kh2 Rad8 18.Rf1 d5 19.exd5 exd5 20.d4 e4 21.Ne1 Ne7 22.g3 Nfg6
23.f4 exf3 24.Nxf3 Nf5 25.Ne5 Nxe3 26.Rxf6 Nxd1 27.Rxf8+ Rxf8 28.Rxd1 Nxe5
29.dxe5 c6 30.c4 Rd8 31.e6 Kf8 32.Rd3 Ke7 33.cxd5 Rxd5 34.Rb3 b5 35.axb5 Rxb5
36.Rc3 Rxb2+ 37.Kg1 Rb6 38.Re3 a5 39.Kf2 a4 40.Ra3 Rb2+ 41.Ke1 Rb3 42.Rxa4 Rxg3
43.Kf2 Rg6 44.Ra7+ Kxe6 45.Kf3 Rf6+ 46.Ke4 g5  0-1

[Event "Moscow TV"]
[Site "Moscow"]
[Date "1987.??.??"]
[Round "?"]
[White "Dolmatov, Sergey"]
[Black "Jussupow, Artur"]
[Result "0-1"]
[WhiteElo "2515"]
[BlackElo "2645"]

1.d4 Nf6 2.c4 e6 3.Nf3 d5 4.Nc3 Be7 5.Bg5 h6 6.Bh4 O-O 7.e3 b6 8.Rc1 Bb7
9.Bxf6 Bxf6 10.cxd5 exd5 11.Bd3 Nd7 12.Nb5 c5 13.Nd6 Bc6 14.Nf5 Re8 15.Bb1 Nf8
16.h4 Bd7 17.h5 Be6 18.O-O Qd7 19.Qd3 c4 20.Qc2 b5 21.g4 Bxf5 22.Qxf5 Qxf5
23.Bxf5 b4 24.Rfd1 a5 25.b3 c3 26.Ne1 Be7 27.Nc2 a4 28.Ra1 Bd6 29.Kf1 Ne6
30.Bxe6 Rxe6 31.Ke2 f5 32.gxf5 Rf6 33.f4 Rxf5 34.Rh1 axb3 35.axb3 Rxa1 36.Nxa1 Rf8
37.Nc2 Ra8 38.Kd3 Ra2 39.Rg1 Rb2 40.Rg6 Bf8 41.Rb6 Rxb3 42.e4 dxe4+ 43.Kxe4 Rb1
44.Rc6 Rc1 45.d5 Rxc2  0-1

[Event "EUCup f"]
[Site "Rotterdam"]
[Date "1988.??.??"]
[Round "?"]
[White "Jussupow, Artur"]
[Black "Sax, Gyula"]
[Result "1/2-1/2"]
[WhiteElo "2615"]
[BlackElo "2600"]

1.d4 Nf6 2.Nf3 e6 3.e3 c5 4.Bd3 b6 5.O-O Bb7 6.Nbd2 Nc6 7.a3 Be7 8.Re1 O-O
9.b3 d6 10.Bb2 Re8 11.c4 Nb8 12.Qc2 Nbd7 13.Rad1 Qc7 14.Ne4 Nxe4 15.Bxe4 Bxe4
16.Qxe4 Nf6 17.Qd3 cxd4 18.Nxd4 a6 19.e4 Qb7 20.a4 Rad8 21.h3 Nd7 22.Nf3 Nc5
23.Qe3 Bf8 24.Bd4 Qc6 25.Nh2 Rb8 26.Qf3 Red8 27.Ng4 f5 28.exf5 Qxf3 29.gxf3 exf5
30.Ne3 Nxb3 31.Nxf5 Rdc8 32.Ne7+ Bxe7 33.Rxe7 Nxd4 34.Rxd4 Re8 35.Ra7 Ra8
36.Rxa8 Rxa8 37.Rxd6 Rb8 38.Kg2 b5 39.Rxa6 bxc4 40.Rc6 Rb4 41.a5 Ra4 42.a6 c3
43.f4 c2 44.Rxc2 Rxa6 45.Rc7 Rg6+ 46.Kf3 Rh6 47.Kg4 Rg6+ 48.Kf5 Rh6 49.Rc3 Kf7
50.Rg3 Rb6 51.Kg4 Rg6+ 52.Kf3 Rb6 53.Kg2 Rf6 54.Rg4 Rf5 55.Kf3 Rh5 56.Kg3 h6
57.Kg2 Rf5 58.Kf3 Rh5 59.Rg3 Rh4 60.Ke4 Kf6 61.Ra3 g5 62.Rf3 h5 63.Ke3 g4
64.hxg4 hxg4 65.Rg3 Kf5 66.f3  1/2-1/2

[Event "Thessaloniki ol (Men)"]
[Site "Thessaloniki"]
[Date "1988.??.??"]
[Round "5"]
[White "Jussupow, Artur"]
[Black "Arnason, Jon L"]
[Result "1/2-1/2"]
[WhiteElo "2620"]
[BlackElo "2535"]

1.d4 Nf6 2.Nf3 e6 3.e3 b6 4.Bd3 Bb7 5.O-O c5 6.b3 cxd4 7.exd4 Nc6 8.Bb2 Be7
9.a3 O-O 10.Nbd2 Re8 11.Qe2 Bf8 12.Ng5 g6 13.Nde4 Nd5 14.Nxf7 Kxf7 15.Qf3+ Kg8
16.c4 Bg7 17.cxd5 Nxd4 18.Bxd4 Bxd4 19.Rad1 Bxd5 20.Bc4 Bxc4 21.bxc4 Be5
22.Qd3 Rf8 23.g3 Rf7 24.Rfe1  1/2-1/2

[Event "Thessaloniki ol (Men)"]
[Site "Thessaloniki"]
[Date "1988.??.??"]
[Round "11"]
[White "Sosonko, Gennadi"]
[Black "Jussupow, Artur"]
[Result "1/2-1/2"]
[WhiteElo "2540"]
[BlackElo "2620"]

1.d4 e6 2.g3 f5 3.Bg2 Nf6 4.Nf3 d5 5.O-O Bd6 6.c4 c6 7.b3 Qe7 8.Nc3 O-O 9.Na4 Nbd7
10.Nb2 e5 11.dxe5 Nxe5 12.Qc2 Nxf3+ 13.Bxf3 Be6 14.Bg5 d4 15.Nd3 Rad8 16.Nf4  1/2-1/2

[Event "Thessaloniki ol (Men)"]
[Site "Thessaloniki"]
[Date "1988.??.??"]
[Round "13"]
[White "Donchev, Dimitar I"]
[Black "Jussupow, Artur"]
[Result "1/2-1/2"]
[WhiteElo "2495"]
[BlackElo "2620"]

1.d4 Nf6 2.Nf3 d5 3.c4 e6 4.Bg5 Nbd7 5.Nc3 c6 6.e3 Qa5 7.Nd2 Bb4 8.Qc2 dxc4
9.Bxf6 Nxf6 10.Nxc4 Qc7 11.a3 Be7 12.Be2 O-O 13.b4 Bd7 14.O-O Nd5 15.Rfd1 Rfd8
16.e4 Nxc3 17.Qxc3 Be8 18.g3 b6 19.Rac1 Rac8 20.Rb1 a6 21.a4 b5 22.Ne5 a5
23.bxa5 b4 24.Qb2 Qxa5 25.Nc4 Qa7 26.a5 Rb8 27.Rd2 c5 28.d5 exd5 29.exd5 Bf6
30.Qb3 Bc3 31.Rc2 Bb5 32.Rd1 Bd4 33.d6 Bxc4 34.Bxc4 Rxd6 35.Ra2 g6 36.a6 Kg7
37.Rd3 Rbb6 38.Rf3 Bf6 39.Rd3 Bd4 40.Rf3 Bf6 41.Rd3 Rdc6 42.Qa4 Bd4 43.Rf3 Bf6
44.Rd3 Bd4 45.Rf3 Bf6 46.Rd3 Bd4  1/2-1/2